00229nam a2200097Ia 4500008004100000041000800041082001500049100001600064245002500080260002600105231212s1977 xx 000 0 und d aeng a621.384131 aVartanov A. aElectric Maintanance aMascowbMir Pubc1977